Countries with no Neighbour that took part in FIFA World Cup - Statistics

General Stats
  • This quiz has been taken 76 times
  • The average score is 9 of 14
Answers on the Map
Answers color-coded by a green-red scale on the quiz's map according to % correct below.
 
Answer Stats
# Country % Correct
3 Indonesia (Dutch East Indies)
80%
6 Ethiopia
74%
3 Somalia
72%
4 Thailand
72%
3 Eritrea
69%
5 Kenya
69%
3 Cambodia
67%
3 Malawi
67%
2 Bangladesh
66%
2 Sierra Leone
64%
5 Uzbekistan
64%
3 Djibouti
62%
6 South Africa
51%
5 Senegal
44%
No matching quizzes found
Score Distribution
Percent of People with Each Score
Percentile by Number Answered
Your Score History
You have not taken this quiz